[Event "4.Mansfelder Schloss-Open"]
[Site "Schloss Mansfeld"]
[Date "2019.07.05"]
[Round "4.8"]
[White "Stowicek, Yara Mathilda"]
[Black "Reckner, Jens"]
[Result "1/2-1/2"]
[WhiteElo "1692"]
[BlackElo "1764"]
[PlyCount "75"]
[EventDate "2019.??.??"]

1. e4 e6 2. d4 d5 3. Nd2 dxe4 4. Nxe4 Nd7 5. Bd3 Ngf6 6. Qe2 Be7 7. Nf3 a6 8.
c3 b6 9. O-O O-O 10. Re1 Re8 11. Bg5 Bb7 12. Nxf6+ Bxf6 13. Bf4 Nf8 14. Ne5 Qc8
15. Qg4 g6 16. h4 Bg7 17. h5 f6 18. Nf3 e5 19. Qxc8 Raxc8 20. dxe5 Bxf3 21.
exf6 Bxf6 22. Rxe8 Rxe8 23. gxf3 gxh5 24. Bxc7 b5 25. Kf1 Ng6 26. Re1 Rc8 27.
Bh2 Kf7 28. Be4 Rd8 29. Ke2 b4 30. cxb4 Bxb2 31. Rd1 Rxd1 32. Kxd1 Ba3 33. Bd3
Bxb4 34. Bxa6 Kf6 35. Ke2 Ba3 36. Bd3 Bc5 37. a4 Bb6 38. Be4 1/2-1/2

[Event "4.Mansfelder Schloss-Open"]
[Site "Schloss Mansfeld"]
[Date "2019.07.05"]
[Round "4.9"]
[White "Groebel, Henning"]
[Black "Kalliwoda, Enrico"]
[Result "1/2-1/2"]
[WhiteElo "1490"]
[BlackElo "1754"]
[PlyCount "59"]
[EventDate "2019.??.??"]

1. e4 c5 2. Nf3 d6 3. d4 cxd4 4. Nxd4 Nf6 5. Nc3 a6 6. Be3 e5 7. Nb3 Be7 8. Be2
Be6 9. O-O O-O 10. f4 exf4 11. Bxf4 Nbd7 12. Kh1 Ne5 13. Nd4 Bc4 14. Nf5 Bxe2
15. Qxe2 Ng6 16. Bg3 Re8 17. Rad1 Qb6 18. Nxe7+ Nxe7 19. Bxd6 Qxb2 20. Be5 Nxe4
21. Rxf7 Kxf7 22. Qc4+ Kf8 23. Rf1+ Nf6 24. Bxf6 Nf5 25. Be7+ Rxe7 26. Rxf5+
Ke8 27. Qg8+ Kd7 28. Qd5+ Kc7 29. Qc5+ Kd7 30. Qd5+ 1/2-1/2

[Event "4.Mansfelder Schloss-Open"]
[Site "Schloss Mansfeld"]
[Date "2019.07.05"]
[Round "4.10"]
[White "Pikalow, Michael"]
[Black "Reger, Volker"]
[Result "1/2-1/2"]
[WhiteElo "1783"]
[BlackElo "1407"]
[PlyCount "52"]
[EventDate "2019.??.??"]

1. e4 e5 2. Nf3 Nc6 3. Bb5 Bc5 4. O-O d6 5. c3 a6 6. Ba4 Nf6 7. d3 O-O 8. h3 b5
9. Bb3 Be6 10. Bg5 a5 11. Bxe6 fxe6 12. Qb3 Qd7 13. a4 b4 14. Nbd2 h6 15. Bxf6
Rxf6 16. Nc4 Raf8 17. Rad1 Qf7 18. Ncd2 Qh5 19. Qc4 Qg6 20. d4 exd4 21. cxd4
Rxf3 22. Nxf3 Rxf3 23. dxc5 Ne5 24. Qe2 Rxh3 25. f4 Qg3 26. fxe5 Qh2+ 1/2-1/2

[Event "4.Mansfelder Schloss-Open"]
[Site "Schloss Mansfeld"]
[Date "2019.07.06"]
[Round "5.1"]
[White "Morgenstern, Tobias"]
[Black "Zeuner, Ole"]
[Result "1-0"]
[WhiteElo "1897"]
[BlackElo "1970"]
[PlyCount "53"]
[EventDate "2019.??.??"]

1. e4 e5 2. f4 d5 3. exd5 exf4 4. Nf3 Nf6 5. Bb5+ Bd7 6. Bxd7+ Nbxd7 7. O-O Be7
8. c4 O-O 9. d4 b5 10. b3 Bd6 11. Nc3 bxc4 12. bxc4 Bb4 13. Qc2 Nh5 14. Ne4 Qe7
15. Rb1 h6 16. c5 f5 17. Nf2 Rab8 18. Qa4 Bc3 19. Rxb8 Rxb8 20. d6 Qe6 21. dxc7
Rc8 22. d5 Qf7 23. Qa3 Bf6 24. d6 Qd5 25. Qa6 Qa8 26. c6 Nc5 27. Qc4+ 1-0

[Event "4.Mansfelder Schloss-Open"]
[Site "Schloss Mansfeld"]
[Date "2019.07.06"]
[Round "5.2"]
[White "Peschel, Andreas"]
[Black "Hamlack, Heinz"]
[Result "1-0"]
[WhiteElo "2170"]
[BlackElo "2011"]
[PlyCount "89"]
[EventDate "2019.??.??"]

1. d4 d5 2. Nf3 Nf6 3. e3 e6 4. Nbd2 Be7 5. Bd3 O-O 6. O-O c5 7. b3 b6 8. Bb2
Bb7 9. c4 Ne4 10. Qc2 f5 11. Rad1 Nd7 12. Ne5 Rc8 13. Bxe4 fxe4 14. Nxd7 Qxd7
15. dxc5 bxc5 16. Nxe4 Qc6 17. Ng3 dxc4 18. f3 cxb3 19. axb3 Ba6 20. Rfe1 c4
21. Ne4 Bb4 22. Bc3 cxb3 23. Qxb3 Bxc3 24. Nxc3 Bc4 25. Qa3 Qc5 26. Qxc5 Rxc5
27. Ne4 Rc6 28. Ra1 a6 29. Red1 h6 30. Rd4 Bd5 31. Nd2 Rfc8 32. Kf2 Rc2 33.
Rxa6 Rb8 34. e4 Rbb2 35. Ke3 Ba2 36. f4 Rc3+ 37. Rd3 Rc1 38. Ra7 Re1+ 39. Kf3
Rd1 40. Rad7 Bd5 41. Ke2 Rg1 42. exd5 Rxg2+ 43. Kf3 Rxh2 44. dxe6 Rh3+ 45. Ke4
1-0

[Event "4.Mansfelder Schloss-Open"]
[Site "Schloss Mansfeld"]
[Date "2019.07.06"]
[Round "5.3"]
[White "Groebel, Aaron"]
[Black "Just, Wolfgang"]
[Result "1-0"]
[WhiteElo "2109"]
[BlackElo "2105"]
[PlyCount "131"]
[EventDate "2019.??.??"]

1. e4 e6 2. d4 d5 3. Nd2 dxe4 4. Nxe4 Nd7 5. Nf3 Ngf6 6. Nxf6+ Nxf6 7. Bd3 c5
8. c3 Bd7 9. O-O Be7 10. dxc5 Bxc5 11. Ne5 Bc6 12. Nxc6 bxc6 13. Bg5 Qd5 14.
Bxf6 gxf6 15. Qe2 Ke7 16. Be4 Qe5 17. Qf3 Rab8 18. b3 Bd6 19. g3 Rbc8 20. Rfe1
Qa5 21. Re2 Be5 22. Rc1 Qc7 23. Kg2 c5 24. Bd3 Qc6 25. Be4 Qc7 26. c4 Rcd8 27.
Rf1 Rd7 28. Qh5 Qd8 29. f4 Bd4 30. Rfe1 Qe8 31. Bd5 Rd6 32. f5 e5 33. Re4 Rg8
34. b4 Rg7 35. Qd1 Qc8 36. Rxd4 cxd4 37. Qxd4 Kf8 38. Qxa7 Ra6 39. Qf2 Rg4 40.
b5 Ra3 41. b6 Rd4 42. b7 Qb8 43. Re3 Rxe3 44. Qxe3 Rxd5 45. cxd5 Qxb7 46. Qb3
Qa6 47. Qc2 Qa5 48. Qc4 Qd2+ 49. Kh3 Qh6+ 50. Qh4 Qd2 51. Qxf6 Qxd5 52. a3 e4
53. Kh4 Qd2 54. Qh8+ Ke7 55. Qe5+ Kd7 56. Qxe4 Qxh2+ 57. Kg4 h5+ 58. Kf3 Qh1+
59. Kf4 Qh2 60. Qd3+ Ke7 61. Kg5 Kf8 62. Qd8+ Kg7 63. f6+ Kh7 64. Qd3+ Kh8 65.
Kh6 h4 66. Qh7# 1-0

[Event "4.Mansfelder Schloss-Open"]
[Site "Schloss Mansfeld"]
[Date "2019.07.06"]
[Round "5.4"]
[White "Zerfass, Otfried"]
[Black "Stockmann, Till"]
[Result "0-1"]
[WhiteElo "1829"]
[BlackElo "1933"]
[PlyCount "76"]
[EventDate "2019.??.??"]

1. e4 c5 2. Nc3 Nc6 3. f4 e6 4. Nf3 d5 5. Bb5 Nge7 6. O-O a6 7. Be2 d4 8. Nb1
Ng6 9. d3 Bd6 10. e5 Bc7 11. Qe1 Nce7 12. c4 b5 13. b3 Bb7 14. Ng5 h6 15. Bf3
Ba5 16. Qf2 hxg5 17. Bxb7 Ra7 18. Be4 Bc7 19. Na3 b4 20. Nc2 gxf4 21. Bxf4 Bxe5
22. Bxe5 Nxe5 23. Qg3 N7g6 24. Ne1 Qh4 25. Bxg6 Qxg3 26. Bxf7+ Rxf7 27. hxg3
Rh1+ 28. Kxh1 Rxf1+ 29. Kh2 Nxd3 30. Nxd3 Rxa1 31. Nxc5 Rxa2 32. Kg1 Ke7 33.
Kf1 Kd6 34. Nd3 a5 35. c5+ Kc6 36. g4 Ra3 37. Nf4 e5 38. Ne6 Rxb3 0-1

[Event "4.Mansfelder Schloss-Open"]
[Site "Schloss Mansfeld"]
[Date "2019.07.06"]
[Round "5.6"]
[White "Zimmermann, Jens"]
[Black "Stowicek, Yara Mathilda"]
[Result "1/2-1/2"]
[WhiteElo "1864"]
[BlackElo "1692"]
[PlyCount "78"]
[EventDate "2019.??.??"]

1. Nf3 Nf6 2. c4 d5 3. cxd5 Nxd5 4. g3 g6 5. Bg2 Bg7 6. Nc3 Nxc3 7. bxc3 O-O 8.
O-O c5 9. Qb3 Nc6 10. d3 Qc7 11. Be3 b6 12. Rac1 Bb7 13. a4 Na5 14. Qc2 c4 15.
Nd4 Bxg2 16. Kxg2 e5 17. Nf3 Qc6 18. Rb1 Rac8 19. d4 Nb3 20. dxe5 Bxe5 21. Kg1
Bg7 22. Bd4 Qxa4 23. Bxg7 Kxg7 24. e4 Qc6 25. Rfe1 Rfe8 26. Re3 Rcd8 27. Qe2 b5
28. Re1 a5 29. h4 b4 30. e5 Rd5 31. Ng5 h6 32. Nh3 bxc3 33. Qc2 Nd4 34. Qxc3
Ne6 35. Re4 Rc5 36. Nf4 Rb8 37. Nxe6+ fxe6 38. h5 g5 39. Qc2 Qe8 1/2-1/2

[Event "4.Mansfelder Schloss-Open"]
[Site "Schloss Mansfeld"]
[Date "2019.07.06"]
[Round "5.7"]
[White "Schulemann, Gero"]
[Black "Groebel, Henning"]
[Result "1-0"]
[WhiteElo "1862"]
[BlackElo "1490"]
[PlyCount "31"]
[EventDate "2019.??.??"]

1. e4 d6 2. d4 Nf6 3. Nc3 e5 4. Nf3 g6 5. dxe5 dxe5 6. Qxd8+ Kxd8 7. Nxe5 Be6
8. Bg5 Bg7 9. O-O-O+ Ke7 10. f4 Re8 11. f5 gxf5 12. exf5 Bxf5 13. Nd5+ Kf8 14.
Nxf6 Rxe5 15. Rd8+ Ke7 16. Nd5+ 1-0

[Event "4.Mansfelder Schloss-Open"]
[Site "Schloss Mansfeld"]
[Date "2019.07.06"]
[Round "5.8"]
[White "Reger, Volker"]
[Black "Schmidt, Alexander"]
[Result "0-1"]
[WhiteElo "1407"]
[BlackElo "1833"]
[PlyCount "48"]
[EventDate "2019.??.??"]

1. e4 c6 2. d4 d5 3. e5 Bf5 4. Bd3 Bxd3 5. Qxd3 e6 6. Nf3 Nd7 7. Bd2 Ne7 8. O-O
Nc8 9. Nc3 Be7 10. h3 O-O 11. Nh2 c5 12. dxc5 Nxe5 13. Qg3 Ng6 14. b4 a5 15.
Nb5 b6 16. c6 axb4 17. c7 Qd7 18. f4 Qxb5 19. f5 Ra3 20. c3 Bd6 21. Qg4 exf5
22. Rxf5 bxc3 23. Be3 c2 24. Raf1 Rxe3 0-1

[Event "4.Mansfelder Schloss-Open"]
[Site "Schloss Mansfeld"]
[Date "2019.07.06"]
[Round "5.9"]
[White "Reckner, Jens"]
[Black "Manteuffel, Florian"]
[Result "1-0"]
[WhiteElo "1764"]
[BlackElo "1318"]
[PlyCount "85"]
[EventDate "2019.??.??"]

1. d4 d5 2. Nc3 Nf6 3. Bf4 Bf5 4. e3 e6 5. Nf3 a6 6. Bd3 Bxd3 7. Qxd3 Nc6 8. h3
h6 9. O-O Nb4 10. Qe2 Bd6 11. Ne5 Ne4 12. Nxe4 dxe4 13. Qg4 g6 14. Bh2 Nxc2 15.
Rab1 Rg8 16. Qxe4 Nb4 17. a3 Nd5 18. Rfd1 f5 19. Qc2 g5 20. Qe2 Qf6 21. Qh5+
Ke7 22. Qe2 c5 23. Re1 cxd4 24. exd4 Rab8 25. Kh1 Rh8 26. Rbc1 Rbc8 27. Rc4 b5
28. Rc2 f4 29. Rc6 Rxc6 30. Nxc6+ Kd7 31. Ne5+ Ke7 32. Rc1 Nc7 33. Qe4 Rg8 34.
Qb7 h5 35. Rxc7+ Bxc7 36. Qxc7+ Ke8 37. Qc6+ Ke7 38. Qb7+ Ke8 39. Qc6+ Ke7 40.
Qc7+ Ke8 41. Qc8+ Qd8 42. Qxe6+ Kf8 43. Qf7# 1-0

[Event "4.Mansfelder Schloss-Open"]
[Site "Schloss Mansfeld"]
[Date "2019.07.06"]
[Round "5.10"]
[White "Kalliwoda, Enrico"]
[Black "Markus, Roland"]
[Result "1/2-1/2"]
[WhiteElo "1754"]
[BlackElo "1660"]
[PlyCount "56"]
[EventDate "2019.??.??"]

1. e4 d5 2. exd5 Qxd5 3. Nc3 Qa5 4. d4 Nf6 5. Bd2 c6 6. Bd3 Bg4 7. f3 Bh5 8.
Qe2 Nbd7 9. Nh3 e6 10. Nf4 Qd8 11. O-O-O Be7 12. Nxh5 Nxh5 13. g4 Nhf6 14. g5
Nd5 15. Nxd5 cxd5 16. f4 Qb6 17. Rhf1 O-O-O 18. f5 Rhe8 19. fxe6 fxe6 20. c3
Bd6 21. Rf7 Re7 22. Rdf1 Rde8 23. h4 g6 24. h5 e5 25. Rxe7 Rxe7 26. hxg6 hxg6
27. dxe5 Nxe5 28. Bc2 Nc4 1/2-1/2

[Event "4.Mansfelder Schloss-Open"]
[Site "Schloss Mansfeld"]
[Date "2019.07.06"]
[Round "6.1"]
[White "Morgenstern, Tobias"]
[Black "Peschel, Andreas"]
[Result "1-0"]
[WhiteElo "1897"]
[BlackElo "2170"]
[PlyCount "47"]
[EventDate "2019.??.??"]

1. e4 c5 2. Nf3 a6 3. c3 Nf6 4. e5 Nd5 5. d4 cxd4 6. cxd4 e6 7. Bd3 Nc6 8. Nc3
Nxc3 9. bxc3 d6 10. exd6 Bxd6 11. O-O h6 12. Re1 O-O 13. Bc2 Qf6 14. Qd3 Rd8
15. Qh7+ Kf8 16. Qh8+ Ke7 17. Qh7 Kf8 18. Ne5 Nxe5 19. dxe5 Bxe5 20. Rxe5 Qxe5
21. Ba3+ Ke8 22. Qg8+ Kd7 23. Rd1+ Kc6 24. Qxd8 1-0

[Event "4.Mansfelder Schloss-Open"]
[Site "Schloss Mansfeld"]
[Date "2019.07.06"]
[Round "6.2"]
[White "Stockmann, Till"]
[Black "Zeuner, Ole"]
[Result "1/2-1/2"]
[WhiteElo "1933"]
[BlackElo "1970"]
[PlyCount "74"]
[EventDate "2019.??.??"]

1. e4 e5 2. Nf3 Nc6 3. Bb5 a6 4. Ba4 d6 5. c3 f5 6. exf5 Bxf5 7. d4 e4 8. Qe2
Be7 9. Nfd2 Nf6 10. O-O O-O 11. f3 d5 12. Bc2 Qd7 13. fxe4 dxe4 14. Nc4 Bg4 15.
Qe1 Rae8 16. Be3 b5 17. Ncd2 Bd6 18. a4 Bf5 19. Na3 Ng4 20. h3 Nxe3 21. Qxe3
Ne7 22. Bxe4 Bxe4 23. Qxe4 Nf5 24. Qg4 h5 25. Qxh5 Ng3 26. Rxf8+ Rxf8 27. Qd5+
Kh8 28. Ne4 Rf5 29. Qa8+ Rf8 30. Qb7 Qf5 31. Nxd6 Qf2+ 32. Kh2 cxd6 33. Qe7
Nf1+ 34. Rxf1 Qxf1 35. axb5 Qf4+ 36. Kh1 Qc1+ 37. Kh2 Qf4+ 1/2-1/2

[Event "4.Mansfelder Schloss-Open"]
[Site "Schloss Mansfeld"]
[Date "2019.07.06"]
[Round "6.3"]
[White "Baer, Soeren"]
[Black "Groebel, Aaron"]
[Result "1/2-1/2"]
[WhiteElo "2124"]
[BlackElo "2109"]
[PlyCount "105"]
[EventDate "2019.??.??"]

1. e4 e5 2. Nf3 Nc6 3. Nc3 Nf6 4. g3 Bc5 5. Bg2 d6 6. h3 a6 7. O-O O-O 8. d3 h6
9. Kh2 Nh7 10. Nd5 f5 11. exf5 Bxf5 12. Nh4 Be6 13. Be3 Bxe3 14. Nxe3 g5 15.
Nf3 Qf6 16. Ng1 Qf7 17. Ne2 Nf6 18. d4 Nd8 19. f4 exf4 20. gxf4 Qg7 21. Bf3 Kh8
22. f5 Bd7 23. Ng3 c6 24. Ng4 d5 25. Ne5 Be8 26. Nh5 Bxh5 27. Bxh5 Qc7 28. Kg2
Kg7 29. c3 c5 30. Bf3 Nc6 31. Re1 Rae8 32. Nxc6 bxc6 33. dxc5 Rxe1 34. Qxe1 Re8
35. Qd2 Qe5 36. Qd3 h5 37. Rf1 g4 38. Bd1 gxh3+ 39. Kxh3 Kf7 40. Qg3 Qxg3+ 41.
Kxg3 Ne4+ 42. Kf4 Rg8 43. Bxh5+ Kf6 44. Bg6 Nxc5 45. Ke3 Rh8 46. Rf2 Rh4 47. b3
Nd7 48. Kd2 Ne5 49. Re2 Rf4 50. Rg2 a5 51. Kc2 Rf1 52. Re2 Ra1 53. Kb2 1/2-1/2

[Event "4.Mansfelder Schloss-Open"]
[Site "Schloss Mansfeld"]
[Date "2019.07.06"]
[Round "6.4"]
[White "Haubold, Sebastian Marcel"]
[Black "Schulemann, Gero"]
[Result "1-0"]
[WhiteElo "1506"]
[BlackElo "1862"]
[PlyCount "57"]
[EventDate "2019.??.??"]

1. e4 c5 2. Nf3 e6 3. d4 cxd4 4. Nxd4 a6 5. Nc3 Qc7 6. Bd3 Nf6 7. O-O b5 8. a3
Bb7 9. Re1 d6 10. f4 Nbd7 11. Bd2 Be7 12. Kh1 O-O 13. Qf3 Nc5 14. Qg3 Nxd3 15.
cxd3 Qc5 16. Be3 Qh5 17. f5 e5 18. Nf3 Ng4 19. Bd2 g6 20. fxg6 fxg6 21. h3 Nh6
22. Rac1 Rf7 23. Ng5 Rf4 24. Nf3 Bh4 25. Nxh4 Rxh4 26. Kg1 Nf7 27. Rf1 Rf8 28.
Rf5 Rxh3 29. gxh3 1-0

[Event "4.Mansfelder Schloss-Open"]
[Site "Schloss Mansfeld"]
[Date "2019.07.06"]
[Round "6.5"]
[White "Schmidt, Alexander"]
[Black "Reckner, Jens"]
[Result "1-0"]
[WhiteElo "1833"]
[BlackElo "1764"]
[PlyCount "73"]
[EventDate "2019.??.??"]

1. e4 e6 2. d3 c5 3. Nf3 Nc6 4. g3 Nge7 5. Bg2 Ng6 6. O-O Bd6 7. Nc3 h5 8. h4
Nd4 9. Nxd4 cxd4 10. Ne2 Bc5 11. f4 d6 12. f5 Ne5 13. fxe6 Bxe6 14. Nf4 Bg4 15.
Qe1 Rc8 16. Nd5 O-O 17. Bf4 Bb6 18. Rf2 Ba5 19. b4 Bc7 20. Qd2 Qd7 21. Bxe5
dxe5 22. Qg5 f5 23. Ne7+ Kh8 24. Nxc8 Qxc8 25. exf5 Bd8 26. Qd2 Rxf5 27. Raf1
Rxf2 28. Qxf2 Bf6 29. Qd2 Qe6 30. Bxb7 Qxa2 31. Rxf6 gxf6 32. Qh6+ Kg8 33. Qg6+
Kf8 34. Qxf6+ Qf7 35. Qd6+ Ke8 36. Bc6+ Bd7 37. Qxe5+ 1-0

[Event "4.Mansfelder Schloss-Open"]
[Site "Schloss Mansfeld"]
[Date "2019.07.06"]
[Round "6.7"]
[White "Hamlack, Heinz"]
[Black "Stowicek, Yara Mathilda"]
[Result "1-0"]
[WhiteElo "2011"]
[BlackElo "1692"]
[PlyCount "87"]
[EventDate "2019.??.??"]

1. Nf3 Nf6 2. c4 d5 3. cxd5 Nxd5 4. d4 g6 5. e4 Nf6 6. Nc3 e6 7. Bg5 h6 8. Bf4
a6 9. Be2 Bg7 10. O-O Nc6 11. d5 exd5 12. exd5 Ne7 13. Bxc7 Qxc7 14. d6 Qd8 15.
dxe7 Qxe7 16. Re1 Be6 17. Bc4 O-O 18. Bxe6 fxe6 19. Qb3 Rfe8 20. Ne5 g5 21.
Rad1 b5 22. Rd2 Qc7 23. Rde2 Nh5 24. g3 Bxe5 25. Rxe5 Ng7 26. a3 Kf7 27. Qc2
Rad8 28. Qe2 Qc6 29. Ne4 Kg6 30. Nc5 Rd6 31. Qc2+ Kf7 32. Qh7 a5 33. Qxh6 Rd5
34. Rxg5 Rxg5 35. Qxg5 Rh8 36. b4 axb4 37. axb4 Rh5 38. Qg4 Rh6 39. Rd1 Nf5 40.
Rd7+ Ne7 41. Qg5 Rf6 42. Qh5+ Kf8 43. Qh8+ Kf7 44. Qh7+ 1-0

[Event "4.Mansfelder Schloss-Open"]
[Site "Schloss Mansfeld"]
[Date "2019.07.06"]
[Round "6.8"]
[White "Dammkoehler, Gerd"]
[Black "Zimmermann, Jens"]
[Result "0-1"]
[WhiteElo "1742"]
[BlackElo "1864"]
[PlyCount "96"]
[EventDate "2019.??.??"]

1. d4 d5 2. Bf4 Nf6 3. e3 Bf5 4. c4 c6 5. Nc3 Nbd7 6. Qb3 Qb6 7. c5 Qxb3 8.
axb3 e5 9. Bg5 exd4 10. exd4 a6 11. b4 Rc8 12. Kd2 Be7 13. Re1 Kd8 14. f3 h6
15. Bh4 g5 16. Bf2 Nf8 17. Nge2 Ne6 18. Ng3 Bg6 19. Be3 Nh5 20. Nxh5 Bxh5 21.
Bd3 Bf6 22. Ne2 Bg6 23. Bxg6 fxg6 24. Kc3 Re8 25. Bf2 Kd7 26. Nc1 a5 27. bxa5
Nxc5 28. b4 Ne6 29. Nd3 Re7 30. Ne5+ Bxe5 31. Rxe5 Rf8 32. Bg3 Nf4 33. Rxe7+
Kxe7 34. Re1+ Kd7 35. Bxf4 Rxf4 36. Re5 g4 37. fxg4 Rf2 38. h3 Rxg2 39. Re3 g5
40. Kd3 Kc7 41. Kc3 Kb8 42. Rd3 Ka7 43. Rd2 Rg1 44. Kc2 Ka6 45. Kc3 Rg3+ 46.
Rd3 Rxd3+ 47. Kxd3 Kb5 48. Kc3 Ka4 0-1

[Event "4.Mansfelder Schloss-Open"]
[Site "Schloss Mansfeld"]
[Date "2019.07.06"]
[Round "6.9"]
[White "Markus, Roland"]
[Black "Zerfass, Otfried"]
[Result "0-1"]
[WhiteElo "1660"]
[BlackElo "1829"]
[PlyCount "60"]
[EventDate "2019.??.??"]

1. d4 c5 2. c3 Qa5 3. Nf3 cxd4 4. Nxd4 Nc6 5. e4 Nf6 6. Nxc6 bxc6 7. Bd3 e5 8.
O-O Be7 9. Nd2 O-O 10. Nc4 Qc7 11. f3 d5 12. exd5 cxd5 13. Nd2 Rb8 14. Nb3 Rd8
15. Qe2 a5 16. Bg5 a4 17. Nc1 h6 18. Be3 e4 19. fxe4 dxe4 20. Bxe4 Nxe4 21. Bf4
Bc5+ 22. Kh1 Nd6 23. Qh5 Ba6 24. Rf3 Re8 25. Nd3 Bxd3 26. Rxd3 Rxb2 27. Rad1
Rbe2 28. h3 Re1+ 29. Kh2 Bg1+ 30. Kg3 Ne4+ 0-1

[Event "4.Mansfelder Schloss-Open"]
[Site "Schloss Mansfeld"]
[Date "2019.07.06"]
[Round "6.10"]
[White "Pikalow, Michael"]
[Black "Kalliwoda, Enrico"]
[Result "1-0"]
[WhiteElo "1783"]
[BlackElo "1754"]
[PlyCount "121"]
[EventDate "2019.??.??"]

1. e4 c5 2. Nf3 e6 3. d4 cxd4 4. Nxd4 a6 5. Nc3 Qc7 6. g3 Nf6 7. Bg2 Bb4 8. Bd2
Nc6 9. Nb3 O-O 10. O-O b6 11. Qe2 Bb7 12. Rad1 Rad8 13. a3 Be7 14. Bc1 Nb8 15.
Rfe1 Bxa3 16. Nb5 axb5 17. bxa3 Bc6 18. Bg5 d6 19. Bxf6 gxf6 20. Qh5 Qe7 21.
Nd4 Kh8 22. Qh6 Rg8 23. e5 Rg6 24. Nxc6 Nxc6 25. exd6 Qd7 26. Qe3 Rb8 27. Be4
Rg7 28. Qc3 Ne5 29. Qc7 Rgg8 30. Qxd7 Nxd7 31. Bc6 Nc5 32. Bxb5 Rgd8 33. Re3
Nd7 34. Rc3 Nc5 35. Rc4 Kg8 36. Rg4+ Kf8 37. Rh4 Kg8 38. Rg4+ Kf8 39. Rh4 Kg8
40. Rdd4 f5 41. f3 Kg7 42. Rd2 Nd7 43. Ra4 Nc5 44. Ra7 Kf6 45. Kf1 Ra8 46. Rxa8
Rxa8 47. Ke2 Rd8 48. Kd1 Nb7 49. d7 Ke7 50. Ke2 Nc5 51. Ke3 Nxd7 52. a4 Nf6 53.
Rxd8 Kxd8 54. Kf4 h6 55. c4 Ke7 56. Ke5 Nd7+ 57. Bxd7 f6+ 58. Kd4 Kxd7 59. c5
Kc6 60. cxb6 Kxb6 61. a5+ 1-0

[Event "4.Mansfelder Schloss-Open"]
[Site "Schloss Mansfeld"]
[Date "2019.07.07"]
[Round "7.1"]
[White "Groebel, Aaron"]
[Black "Morgenstern, Tobias"]
[Result "1-0"]
[WhiteElo "2109"]
[BlackElo "1897"]
[PlyCount "55"]
[EventDate "2019.??.??"]

1. e4 e5 2. Nf3 Nc6 3. Bc4 Bc5 4. c3 Nf6 5. d3 d6 6. Nbd2 a6 7. Bb3 Ba7 8. h3
h6 9. O-O g5 10. Nh2 g4 11. hxg4 h5 12. g5 Bg4 13. Ndf3 Nh7 14. Qe1 Rg8 15. Be3
Nxg5 16. Nxg5 Rxg5 17. Nxg4 hxg4 18. g3 Rh5 19. Bd1 Qd7 20. Qe2 Bxe3 21. fxe3
Rg5 22. Bb3 Nd8 23. Qh2 Qe7 24. Rf2 Rg8 25. Raf1 Rf8 26. Qh5 Ne6 27. Rf6 Nd8
28. Qxg4 1-0

[Event "4.Mansfelder Schloss-Open"]
[Site "Schloss Mansfeld"]
[Date "2019.07.07"]
[Round "7.2"]
[White "Peschel, Andreas"]
[Black "Stockmann, Till"]
[Result "1/2-1/2"]
[WhiteElo "2170"]
[BlackElo "1933"]
[PlyCount "113"]
[EventDate "2019.??.??"]

1. Nf3 c5 2. c4 Nf6 3. b3 g6 4. Bb2 Bg7 5. g3 O-O 6. Bg2 d6 7. O-O Nc6 8. d3
Bd7 9. Nc3 a6 10. Qd2 Rb8 11. Nd5 Nxd5 12. Bxg7 Kxg7 13. cxd5 Nb4 14. d4 Bb5
15. a4 Bd7 16. dxc5 dxc5 17. Qc3+ Kg8 18. Qxc5 a5 19. Rac1 Bf5 20. Nh4 Bg4 21.
Qb5 Bd7 22. Qc4 b5 23. axb5 Bxb5 24. Qe4 Qd6 25. Rfd1 Rfc8 26. Rxc8+ Rxc8 27.
Nf3 f5 28. Qh4 Bxe2 29. Ng5 h5 30. Re1 Nxd5 31. Rxe2 Rc1+ 32. Bf1 Qa6 33. Qd4
Qxe2 34. Qxd5+ Kh8 35. Qe5+ Qxe5 36. Nf7+ Kg7 37. Nxe5 Rb1 38. Nc4 Rxb3 39.
Nxa5 Rb1 40. f4 Kf6 41. Nc4 Ra1 42. h4 Ra2 43. Ne5 Ra5 44. Nd3 Ra2 45. Nb4 Rd2
46. Nc6 Rd6 47. Ne5 Rd5 48. Nf3 e5 49. fxe5+ Rxe5 50. Kf2 Re4 51. Bd3 Rg4 52.
Nh2 Ra4 53. Nf3 Rg4 54. Nh2 Ra4 55. Ke3 g5 56. Nf3 gxh4 57. Nxh4 1/2-1/2

[Event "4.Mansfelder Schloss-Open"]
[Site "Schloss Mansfeld"]
[Date "2019.07.07"]
[Round "7.3"]
[White "Zeuner, Ole"]
[Black "Schmidt, Alexander"]
[Result "1-0"]
[WhiteElo "1970"]
[BlackElo "1833"]
[PlyCount "49"]
[EventDate "2019.??.??"]

1. e4 c6 2. d4 d5 3. e5 Bf5 4. Nf3 e6 5. Be2 Nd7 6. O-O c5 7. c4 Ne7 8. Nbd2
dxc4 9. Nxc4 Nd5 10. Bg5 Qc7 11. dxc5 Bxc5 12. Nd4 Bxd4 13. Nd6+ Qxd6 14. exd6
Be5 15. Bb5 f6 16. Qa4 fxg5 17. Bxd7+ Kf7 18. Rae1 Bxd6 19. g4 Nb6 20. Qb3 Nxd7
21. gxf5 Nc5 22. fxe6+ Ke7 23. Qd5 h6 24. b4 Rad8 25. Kh1 1-0

[Event "4.Mansfelder Schloss-Open"]
[Site "Schloss Mansfeld"]
[Date "2019.07.07"]
[Round "7.4"]
[White "Zimmermann, Jens"]
[Black "Baer, Soeren"]
[Result "0-1"]
[WhiteElo "1864"]
[BlackElo "2124"]
[PlyCount "54"]
[EventDate "2019.??.??"]

1. Nf3 c5 2. c4 Nf6 3. Nc3 e6 4. g3 b6 5. Bg2 Bb7 6. O-O Nc6 7. d4 Nxd4 8. Nxd4
Bxg2 9. Kxg2 cxd4 10. Qxd4 Be7 11. Rd1 O-O 12. Qd3 Qc7 13. b3 Rfd8 14. e4 d6
15. Bb2 Rac8 16. Qe3 Qb7 17. Kg1 h6 18. Ba3 a6 19. Rac1 b5 20. cxb5 axb5 21.
Bb4 Rb8 22. Qe2 Nh7 23. e5 Ng5 24. Qe3 Nf3+ 25. Kh1 Nxe5+ 26. Kg1 Nf3+ 27. Kh1
Bg5 0-1

[Event "4.Mansfelder Schloss-Open"]
[Site "Schloss Mansfeld"]
[Date "2019.07.07"]
[Round "7.5"]
[White "Zerfass, Otfried"]
[Black "Just, Wolfgang"]
[Result "0-1"]
[WhiteElo "1829"]
[BlackElo "2105"]
[PlyCount "58"]
[EventDate "2019.??.??"]

1. e4 e6 2. d4 d5 3. Nc3 Bb4 4. exd5 exd5 5. Bd3 Ne7 6. Qh5 Nbc6 7. a3 Ba5 8.
Nf3 Be6 9. O-O Qd7 10. Ne5 Nxe5 11. dxe5 O-O-O 12. Nb5 Bb6 13. a4 Nc6 14. Bd2
a6 15. a5 Bc5 16. c3 d4 17. c4 Bb4 18. Na7+ Nxa7 19. Bxb4 Nc6 20. Bc5 g6 21.
Qg5 Bf5 22. Bxf5 gxf5 23. Qf6 Rhg8 24. Rfe1 Rg6 25. Qh4 Qe6 26. Qf4 Rg4 27. Qc1
Nxe5 28. Kh1 Qc6 29. f3 Nxf3 0-1

[Event "4.Mansfelder Schloss-Open"]
[Site "Schloss Mansfeld"]
[Date "2019.07.07"]
[Round "7.6"]
[White "Mirschel, Alina"]
[Black "Hamlack, Heinz"]
[Result "0-1"]
[WhiteElo "1296"]
[BlackElo "2011"]
[PlyCount "90"]
[EventDate "2019.??.??"]

1. e4 d5 2. exd5 Qxd5 3. Nc3 Qd8 4. d4 Nf6 5. Bc4 c6 6. Bg5 Bf5 7. Nf3 e6 8.
O-O Be7 9. Re1 O-O 10. Ne2 Nbd7 11. c3 Nb6 12. Bd3 Bxd3 13. Qxd3 c5 14. Ne5 Rc8
15. Rad1 c4 16. Qg3 Ne4 17. Bxe7 Nxg3 18. Bxd8 Nxe2+ 19. Rxe2 Rfxd8 20. f4 Nd5
21. Rf1 g6 22. g3 b5 23. a3 a5 24. Rf3 Rd6 25. Re1 Rc7 26. Ra1 Kg7 27. Rc1 Rb6
28. Ra1 h5 29. Rf2 b4 30. axb4 axb4 31. Ra4 f6 32. Nf3 bxc3 33. bxc3 Nxc3 34.
Ra1 Nd5 35. Rc2 c3 36. Rac1 Rbc6 37. Kf2 Nb4 38. Re2 Nd3+ 39. Kf1 Nxc1 40. Rc2
Nd3 41. Ke2 Nb4 42. Rc1 c2 43. Ne1 Na2 44. Nxc2 Rxc2+ 45. Rxc2 Rxc2+ 0-1

[Event "4.Mansfelder Schloss-Open"]
[Site "Schloss Mansfeld"]
[Date "2019.07.07"]
[Round "7.7"]
[White "Schulemann, Gero"]
[Black "Pikalow, Michael"]
[Result "1-0"]
[WhiteElo "1862"]
[BlackElo "1783"]
[PlyCount "79"]
[EventDate "2019.??.??"]

1. e4 c5 2. Nf3 d6 3. d4 cxd4 4. Nxd4 Nf6 5. Nc3 g6 6. Be3 Bg7 7. f3 O-O 8. Qd2
Nc6 9. Bc4 Qa5 10. O-O-O Bd7 11. Kb1 Rfc8 12. Bb3 Ne5 13. h4 h5 14. Nd5 Qxd2
15. Rxd2 Nxd5 16. Bxd5 Nc4 17. Bxc4 Rxc4 18. c3 a5 19. a3 b5 20. Nc2 Rb8 21.
Bd4 b4 22. axb4 axb4 23. Bxg7 Kxg7 24. Nxb4 Ba4 25. Re1 Bb3 26. g3 Ra8 27. e5
Rc5 28. exd6 Rca5 29. Nc2 exd6 30. Rxd6 Ra2 31. Na3 Rb8 32. Re4 Rxa3 33. bxa3
Bd1+ 34. Rb4 Rxb4+ 35. axb4 Bxf3 36. c4 f6 37. c5 g5 38. c6 f5 39. hxg5 f4 40.
gxf4 1-0